La muerte voluntaria en Japón
Saved in:
| Main Author: | |
|---|---|
| Format: | Book |
| Language: | Spanish |
| Published: |
Buenos Aires
Adriana Hidalgo Editora
2016
|
| Edition: | 1a. ed |
| Series: | El Otro Lado. Ensayo
|
| Subjects: | |
| Tags: |
Add Tag
No Tags, Be the first to tag this record!
|
MARC
| LEADER | 00000cam a2200000 a 4500 | ||
|---|---|---|---|
| 001 | UCD7352 | ||
| 003 | CL-VaPUC | ||
| 008 | 170317e20160000ag |||||||||||||||||spa|d | ||
| 020 | |a 9789873793882 | ||
| 020 | |a 9788415851851 | ||
| 082 | 0 | 4 | |a 305.8952 |b PIN |2 21 |
| 100 | 0 | |a Pinguet, Maurice |e author |9 591354 | |
| 245 | 1 | 3 | |a La muerte voluntaria en Japón |
| 250 | |a 1a. ed | ||
| 300 | |a 497 p | ||
| 942 | |c BK | ||
| 945 | |d 20170317 22:16:00 |a arojas | ||
| 260 | |a Buenos Aires |b Adriana Hidalgo Editora |c 2016 | ||
| 650 | 0 | |a Cultura japonesa |9 333979 | |
| 650 | 0 | |a Costumbres y tradiciones |9 268292 | |
| 650 | 0 | |a Guerreros |9 387694 | |
| 650 | 0 | |a Samuráis (Bushi) |9 322073 | |
| 650 | 0 | |a Muerte |9 265114 | |
| 583 | |a last modification |c 20170317 22:16:00 |k Rodrigo Vera | ||
| 490 | 0 | |a El Otro Lado. Ensayo | |
| 999 | |c 367413 |d 367411 | ||
| 952 | |0 0 |1 0 |3 erb |4 0 |6 305_895200000000000_PIN_2016 |7 0 |8 A |9 482279 |a BIBART |b BIBART |i 5366372 |l 1 |o 305.8952 PIN 2016 |p 5366372 |r 2025-03-13 |s 2023-05-12 |w 2019-11-24 |y BK |z Catalogado en:20170317 |k ART | ||